Compendio 2013: taller primer año Arquitectura
Gespeichert in:
| Hauptverfasser: | , , |
|---|---|
| Weitere Verfasser: | |
| Format: | Buch |
| Sprache: | Spanisch |
| Veröffentlicht: |
Valparaíso
Escuela de Arquitectura y Diseño PUCV
2014
|
| Ausgabe: | 1a. ed |
| Schlagworte: | |
| Tags: |
Tag hinzufügen
Keine Tags, Fügen Sie den ersten Tag hinzu!
|
MARC
| LEADER | 00000cam a2200000 a 4500 | ||
|---|---|---|---|
| 001 | UCE1793 | ||
| 003 | CL-VaPUC | ||
| 008 | 140519e20140300cl |||||||||||||||||spa|d | ||
| 082 | 0 | 4 | |a 720 |b CAR |2 21 |
| 100 | |a Cáraves Silva, Patricio |e autor |9 709220 | ||
| 700 | |a Ferrada Herrera, Jorge Alfonso |e autor |9 824254 | ||
| 700 | 0 | |a Donoso Araya, María Elisa |e author |9 574172 | |
| 700 | 0 | |a Fuenzalida Polanco, Camila |e author |9 574173 | |
| 245 | 1 | 0 | |a Compendio 2013: taller primer año Arquitectura |
| 250 | |a 1a. ed | ||
| 300 | |a 293 p | ||
| 942 | |c BK | ||
| 945 | |d 20140519 10:12:00 |a dcastane | ||
| 260 | |a Valparaíso |b Escuela de Arquitectura y Diseño PUCV |c 2014 | ||
| 650 | 0 | |a Filosofía de la arquitectura |9 267382 | |
| 650 | 0 | |a Talleres educacionales |9 339158 | |
| 650 | 0 | |a Historia de la arquitectura |9 266241 | |
| 583 | |a last modification |c 20140519 10:12:00 |k Rodrigo Vera | ||
| 999 | |c 355481 |d 355479 | ||
| 952 | |0 0 |1 0 |3 erb |4 0 |6 720_000000000000000_CAR_2014 |7 0 |8 R |9 462228 |a BIBARQ |b BIBARQ |i 5080053 |o 720 CAR 2014 |p 5080053 |r 2025-01-20 |w 2019-11-23 |y BK_R |z Catalogado en:20140519 |k ARQ | ||
| 952 | |0 0 |1 0 |3 cd |4 0 |6 720_000000000000000_CAR_2014 |7 0 |8 R |9 462229 |a BIBARQ |b BIBARQ |i 5080061 |o 720 CAR 2014 |p 5080061 |r 2025-01-20 |w 2019-11-23 |y BK_R |z Catalogado en:20140519 |k ARQ | ||